[Event "Oberfranken-ch U18 0304"]
[Site "Schney"]
[Date "2004.01.03"]
[Round "3"]
[White "Meinhardt, Matthias"]
[Black "Reissner, Andreas"]
[Result "1/2-1/2"]
[WhiteElo "1575"]
[BlackElo "1731"]
[PlyCount "34"]
[EventDate "2004.01.02"]
[EventType "tourn"]
[EventRounds "7"]
[EventCountry "GER"]
[SourceTitle "EXT 2005"]
[Source "ChessBase"]
[SourceDate "2004.11.15"]
[SourceVersion "1"]
[SourceVersionDate "2004.11.15"]
[SourceQuality "1"]

1. c4 e5 2. Nc3 Nf6 3. Nf3 d6 4. d4 exd4 5. Nxd4 Be7 6. e4 0-0 7. f3 b6 8. Be3 Bb7 9. Nd5 Nxd5 10. exd5 Bf6 11. Be2 Nd7 12. 0-0 Re8 13. Bf2 a5 14. Qc2 Ne5 15. Rfe1 Qd7 16. g3 Ba6 17. b3 Bb7 1/2-1/2